1 Timoteo y Santiago frente a los ricos, las mujeres y las disputas teológicas (Registro nro. 49974)
[ vista simple ]
| 000 -LÍDER | |
|---|---|
| Campo fijo de descripción fija | 01152aab a2200193 i 4500 |
| 001 - NÚMERO DE CONTROL | |
| Campo de control | 768714001 |
| 003 - IDENTIFICADOR DEL NÚMERO DE CONTROL | |
| Campo de control | CO-MdFUSB |
| 005 - FECHA Y HORA DE LA ULTIMA TRANSACCIÓN | |
| control field | 20221116153416.0 |
| 008 - ELEMENTOS DE LONGITUD FIJA -- INFORMACIÓN GENERAL | |
| Campo fijo de descripción fija -- Información general | 221116r2002 sp ||||| |||| 00| 0 spa d |
| 040 ## - FUENTE DE CATALOGACIÓN | |
| Idioma de catalogación | spa |
| Agencia que realiza la transcripción | CO-MdFUSB |
| Agencia que realiza la modificación | CO-MdFUSB |
| 041 ## - CÓDIGO DE IDIOMA | |
| Código de idioma para texto/pista de sonido o título separado | spa |
| 100 1# - ASIENTO PRINCIPAL--NOMBRE PERSONAL | |
| Nombre personal | Tamez, Elsa |
| Término relacionador | autor |
| 245 10 - TÍTULO | |
| Título | 1 Timoteo y Santiago frente a los ricos, las mujeres y las disputas teológicas |
| Mención de responsabilidad | / Elsa Tamez |
| 300 ## - DESCRIPCIÓN FÍSICA | |
| Extensión | Número 294 (2002), Páginas 57-66 |
| Dimensiones | ; 21 cm |
| 520 ## - NOTA DE RESUMEN, ETC. | |
| Nota de sumario, etc. | A través de los escritos Novo testamentarios se observa que en las comunidades cristianas abundaron los conflictos de distinta índole: sociales, culturales, teológicas, morales o personales. Ninguna comunidad estuvo exenta de ellos, ya sea al interior mismo de la comunidad o con los de afuera. Los autores de las epístolas o de los evangelios intenta, además de ofrecer un mensaje, dar respuesta a eta pugnas. Y aunque los conflictos a veces son similares, cada autor contesta desde su perspectiva. a A veces las respuestas resultan ser opuestas. |
| 630 07 - PUNTO DE ACCESO ADICIONAL DE MATERIA - TÍTULO UNIFORME | |
| Título uniforme | Biblia. |
| 773 0# - ASIENTO DE ITEM FUENTE | |
| Título | Concilium |
| Biblionumber | 49450 |
| Itemnumber | 60418 |
| Parte(s) relacionada(s) / Volumen., número. (mes año), páginas | Número 294 (2002), Páginas 57-66 |
| Enumeración y primera página | Páginas 57 |
| 942 ## - TIPO DE MATERIAL (KOHA) | |
| Tipo de Item KOHA | Artículos de Revista |
No hay ítems disponibles.
